Drapeaux de 270 Pays et territoires - Statistiques

Statistiques générales
  • Ce quiz a été pris 99 fois
    8 depuis la dernière actualisation
  • Le résultat moyen est 176 sur 270
Statistiques - réponses
Par images Réponse % Correct
Liban
100%
Abkhazie
67%
Afghanistan
67%
Afrique du Sud
67%
Aland
67%
Albanie
67%
Algerie
67%
Allemagne
67%
Andorre
67%
Angleterre
67%
Angola
67%
Anguilla
67%
Antigua & Barbuda
67%
Arabie Saoudite
67%
Argentine
67%
Arménie
67%
Aruba
67%
Australie
67%
Autriche
67%
Azerbaïdjan
67%
Bahamas
67%
Bahreïn
67%
Bangladesh
67%
Barbade
67%
Belgique
67%
Bélize
67%
Bénin
67%
Bermudes
67%
Bhoutan
67%
Bielorussie
67%
Bolivie
67%
Bonaire
67%
Bosnie-Herzegovine
67%
Botswana
67%
Brésil
67%
Bruneï
67%
Bulgarie
67%
Burkina Faso
67%
Burundi
67%
Cambodge
67%
Cameroun
67%
Canada
67%
Cap Vert
67%
Chili
67%
Chine
67%
Chypre
67%
Colombie
67%
Comores
67%
Corée du Nord
67%
Corée du Sud
67%
Costa Rica
67%
Cote d'Ivoire
67%
Croatie
67%
Cuba
67%
Curaçao
67%
Danemark
67%
Djibouti
67%
Dominique
67%
Ecosse
67%
Egypte
67%
El Salvador
67%
Emirats Arabes Unis
67%
Equateur
67%
Erythrée
67%
Espagne
67%
Estonie
67%
Eswatini
67%
Etats-Unis
67%
Ethiopie
67%
Fidji
67%
Finlande
67%
France/Saint Martin
67%
Gabon
67%
Gambie
67%
Géorgie
67%
Géorgie du Sud/Iles Sandwich
67%
Ghana
67%
Gibraltar
67%
Grece
67%
Grenade
67%
Groenland
67%
Guadeloupe
67%
Guam
67%
Guatemala
67%
Guinée
67%
Guinée-Bissau
67%
Guinée Equatoriale
67%
Guyana
67%
Guyane Française
67%
Haïti
67%
Haut Karabagh (2024)
67%
Honduras
67%
Hong Kong
67%
Hongrie
67%
Ile Christmas
67%
Ile de l'Ascension
67%
Ile de Man
67%
Ile Norfolk
67%
Iles Caïmans
67%
Iles Cocos (Keling)
67%
Iles Cook
67%
Iles Féroé
67%
Iles Malouines/Falklands
67%
Iles Mariannes du Nord
67%
Iles Marshall
67%
Iles Pitcairn
67%
Iles Salomon
67%
Iles Turques et Caïques
67%
Iles Vierges Américaines
67%
Iles Vierges Britanniques
67%
Inde/Iles Adaman et Nicobar
67%
Indonésie
67%
Irak
67%
Iran
67%
Irlande
67%
Irlande du Nord
67%
Islande
67%
Israël
67%
Italie
67%
Jamaïque
67%
Japon
67%
Jersey
67%
Jordanie
67%
Kazakhstan
67%
Kenya
67%
Kirghizistan
67%
Kiribati
67%
Kosovo
67%
Koweït
67%
Kurdistan
67%
Laos
67%
La Réunion
67%
Les Açores
67%
Lesotho
67%
Lettonie
67%
Liberia
67%
Libye
67%
Liechtenstein
67%
Lituanie
67%
Luxembourg
67%
Macao
67%
Macédoine du Nord
67%
Madagascar
67%
Malaisie
67%
Malawi
67%
Maldives
67%
Mali
67%
Malte
67%
Maroc
67%
Martinique
67%
Maurice
67%
Mauritanie
67%
Mayotte
67%
Mexique
67%
Micronésie
67%
Moldavie
67%
Monaco
67%
Mongolie
67%
Montenegro
67%
Montserrat
67%
Mozambique
67%
Myanmar/Birmanie
67%
Namibie
67%
Nauru
67%
Népal
67%
Nicaragua
67%
Niger
67%
Nigeria
67%
Niue
67%
Norvège/Svalbard et Jan Mayen
67%
Nouvelle-Calédonie
67%
Nouvelle-Zélande
67%
Oman
67%
Ossétie du Sud
67%
Ouganda
67%
Ouzbékistan
67%
Pakistan
67%
Palaos
67%
Palestine
67%
Panama
67%
Papouasie Nouvelle-Guinée
67%
Paraguay
67%
Pays-Bas
67%
Pays de Galles
67%
Pérou
67%
Philippines
67%
Pologne
67%
Polynésie Française
67%
Porto Rico
67%
Portugal
67%
Qatar
67%
République Arabe Sahraouie Démocratique
67%
République Centrafricaine
67%
République Démocratique du Congo
67%
République Dominicaine
67%
République du Congo
67%
République Tchèque
67%
République Turque de Chypre du Nord
67%
Roumanie
67%
Royaume-Uni
67%
Russie
67%
Rwanda
67%
Saba
67%
Saint Barthélémy
67%
Saint Christophe & Nieves
67%
Sainte-Hélène
67%
Sainte Lucie
67%
Saint Eustache
67%
Saint-Marin
67%
Saint-Pierre-et-Miquelon
67%
Saint Vincent & les Grenadines
67%
Samoa
67%
Samoa Americaines
67%
Sao Tomé & Principe
67%
Sénégal
67%
Serbie
67%
Seychelles
67%
Sierra Leone
67%
Singapour
67%
Sint Marteen
67%
Slovaquie
67%
Slovenie
67%
Somalie
67%
Somaliland
67%
Soudan
67%
Soudan du Sud
67%
Sri Lanka
67%
Suède
67%
Suisse
67%
Suriname
67%
Syrie
67%
Tadjikistan
67%
Taiwan
67%
Tanzanie
67%
Tchad
67%
Thailande
67%
Timor Oriental
67%
Togo
67%
Tokelau
67%
Tonga
67%
Transnistrie
67%
Trinité & Tobago
67%
Tristan da Cunha
67%
Tunisie
67%
Turkménistan
67%
Turquie
67%
Tuvalu
67%
Ukraine
67%
Uruguay
67%
Vanuatu
67%
Vatican
67%
Vénézuela
67%
Vietnam
67%
Wallis & Futuna
67%
Yemen
67%
Zambie
67%
Zimbabwe
67%
Bougainville
50%
Ile de Pâques
50%
Iles Canaries
50%
Madère
50%
Cachemire/Kashmir
33%
Ceuta
33%
Guernsey
33%
Iles Baléares
33%
Terre de Feu (Argentine)
33%
Iles Galapagos
17%
Iles Shetland
17%
Melilla
17%
Magallanes (Chili)
0%
Aucun quiz correspondant
Distribution des résultats
% des personnes avec chaque résultat
Percentile par nombre de réponses
Votre historique - résultats
Vous n’avez pas pris ce quiz depuis la dernière actualisation